[Event "Pamplona 15th"]
[Site "Pamplona"]
[Date "2005.12.23"]
[Round "1"]
[White "Harikrishna, Pentala"]
[Black "Timman, Jan H"]
[Result "1/2-1/2"]
[WhiteElo "2673"]
[BlackElo "2630"]
[Annotator "Lukacs,P"]
[PlyCount "77"]
[EventDate "2005.12.23"]
[EventType "tourn"]
[EventRounds "7"]
[EventCountry "ESP"]
[EventCategory "16"]
[SourceTitle "CBM 111"]
[Source "ChessBase"]
[SourceDate "2006.04.04"]
[SourceVersion "1"]
[SourceVersionDate "2006.04.04"]
[SourceQuality "1"]

1. e4 e5 2. Nf3 Nc6 3. Bc4 Nf6 4. d3 Bc5 5. c3 d6 6. Bb3 a6 7. h3 Ba7 8. Nbd2 {
/\ Nf1-g3 manoeuvre before 0-0.} O-O 9. Nf1 d5 {Black has to react in the [+].}
10. Qe2 (10. Ng3 {allows Black to exchange queens, after which the tension
disappears.} dxe4 11. dxe4 Qxd1+ 12. Bxd1 h6 {/\ Be6} 13. O-O Be6 14. b3 Rfd8
15. Bc2 a5 16. Bb2 a4 17. Rad1 Rxd1 18. Rxd1 Bb6 $11 {V.Atlas-Z.Almasi,
AUT-chT Austria 1997}) (10. exd5 {gives up the [+] without getting anything
for that.} Nxd5 11. Ng3 Be6 12. O-O f6 13. Qe2 Re8 14. Qe4 Qd7 15. Bd2 Rad8 16.
Rad1 Qf7 $13 {Kofidis-Stefansson, Athens op 1993}) 10... h6 $6 (10... dxe4 11.
dxe4 Nh5 $5 {fighting against Ng3} (11... Be6 {Black is not afraid of the
doubled pawns, because then he covers >< d5 and f5 and opens the f <->.} 12.
Ng3 Qd7 (12... Qc8 13. O-O (13. Bg5 Ne8 {/\ Nd6} 14. Bd5 f6 15. Be3 Bxe3 16.
Qxe3 Nd6 $13) 13... Ne8 {/\ Nd6} 14. Bc2 Nd6 15. b3 f6 {/\ Ne7-g6 improving
the bad knight's position.} 16. Kh2 Ne7 17. Nh4 Rd8 (17... g5 $6 {
unnecessarily weakens >< f5.} 18. Nhf5 Nexf5 19. exf5 Bf7 20. Ba3 $14 {
Mamedov-Filippov, Cannes 1997})) 13. Bg5 Ne8 (13... Bxb3 $6 {is met by the
intermediate move} 14. Bxf6 $1 gxf6 15. axb3 Qe6 16. Nf5 Kh8 17. b4 Rg8 {
(Stepovaia Dianchenko-Stjazhkina, RUS-ch (Women) 2000)} 18. O-O $14 {with a
wonderful N on f5.}) 14. Rd1 (14. Bxe6 Qxe6 15. O-O f6) 14... Nd6 $11) (11...
h6 $143 {is again met by the standard} 12. g4 $5 (12. Be3 Bxe3 $11)) (11... Qe7
$143 {Black is not afraid of the doubled pawns, because then he covers >< d5
and f5 and opens the f <->.} 12. Ng3 $142 (12. Ne3 Be6 13. Bc2 {White wants to
keep the tension, but the exchange of the light-squared B is strategically
good for him.} Rad8 (13... h6 14. g4 $5) 14. Ng5 Bc8 15. O-O h6 16. Nf3 Be6 {
and now the advance on the >> is not dangerous anymore.} 17. Nh2 {/\ Qf3, Nf5,
Ng4 is the typical plan for White.} Rfe8 18. Qf3 Qf8 19. Nf5 Nh7 20. h4 Ne7 21.
h5 {This irreversibily weakens the dark squares.} Nxf5 22. exf5 Bd5 23. Qg3 Kh8
24. Ng4 f6 25. Ne3 Bf7 $11 {Komliakov-Frolov, Seversk 1997}) 12... Be6 13. Bc2
(13. Bg5 h6 $11) 13... Rfe8 (13... Rad8 14. Nh4 {/\ Nhf5 which is one of the
main threats in this structure.} Qc5 15. Nhf5 Bc4 16. Qf3 $36) (13... b5 14.
Nh4 Bc4 15. Qf3 $16 {and White has achieved what he wanted.}) 14. Nh4 $1 {
The target is >< f5.Tiviakov-Sargissian, FIDE-Wch k.o. 2004}) 12. g3 (12. N1h2
Nf4) (12. Bg5 Qd6 13. Rd1 Qg6 14. g3 Nf6 15. Bc2 Be6 16. b3 Rfd8 $13 {
Berzins-Paldanius, Tempere op 1999}) 12... Nf6 {The N has done his job.} 13. g4
(13. Bc2 Qe7 14. Be3 Rd8 15. Bxa7 Rxa7 16. Ne3 g6 17. Nd2 Be6 18. f4 exf4 19.
gxf4 Raa8 {and White has to play cautiously because of his weakened pawns.} 20.
Qf2 Re8 $13 {Jaracz-Narciso Dublan, EU-ch 2nd Ohrid 2001}) (13. Bg5 h6 14. Rd1
Qe7 $11) 13... Nd7 (13... Qe7 14. Ne3 (14. Bg5 Rd8 15. Ng3 (15. Ne3 Bxe3 $1 {
This is a typical exchange here.} 16. Qxe3 Be6) 15... h6 $11) 14... Bxe3 $1 15.
Bxe3 Be6 $11 {and White has to give up the ^^, or go to a passive place with
his B.}) 14. Ne3 Nc5 15. Bc2 Ne6 {trying to exploit the weakness of >< f4.} (
15... a5 $6 {is rather useless here.} 16. O-O $14 {Gonzales-Gomez, CUB-ch
Holguin City 2002CBM 89}) 16. Nd5 (16. Nf5) 16... Re8 17. Be3 Bxe3 18. fxe3 {
defending >< f4, but ruining the P structure.} Nb8 19. Nxe5 c6 $1 (19... Nc5 {
(Komliakov-Nikolenko, Moscow 1990)} 20. O-O-O $1 Rxe5 21. Nb6 Bd7 22. Nxa8 Nc6
23. b4 Nxe4 24. Rhf1 $16) 20. Nf4 Nc5 $44) (10... d4 11. Ng3 (11. g4 $6 {
Since Black didn't commit his >> by h6, this push is overoptimistic.} Nd7 $1 {
/\ Nc5 finding a counterplay in the [+] against White's flank ->.} 12. Ng3 Nc5
13. Bc2 (13. Bd5 dxc3 14. bxc3 Ne7 $17) 13... b5 {/\ dxc3 and b4 getting
control over the vital d4 square.} 14. Nf5 {[#]} dxc3 $1 15. bxc3 b4 $1 {
This is the typical strategy in this P structure. White has created only
weaknesses, he has no chance for an -> on the >>. See Maiorov-Lastin,
Krasnodar 2002 CBM 91.}) 11... Qd6 {- 10...Qd6}) (10... Re8 11. Bg5 (11. Ng3 h6
12. O-O Be6 $11 {and although White has spared Re1, this is not a big deal.}) (
11. g4 $5 Be6 12. Bg5 (12. Ng3 Na5) 12... dxe4 13. dxe4 Bxb3 14. axb3 Qd6 15.
Ng3 Nd7 $11 {- And.Rodriguez-Diego, Najdorf final K.O. CBM 79}) 11... dxe4 (
11... d4 $5) 12. dxe4 Be6 13. Ng3 h6 14. Rd1 Qe7 15. Bc1 Rad8 {and Black has
finished comfortably his development.} 16. O-O Rxd1 17. Rxd1 Rd8 $11 {
Nevednichy-Mannion, Moscow ol (Men) 1994}) ({On} 10... Be6 11. Ng5 {is critical
} (11. Ng3 Na5 $1 (11... Qd6 {- 10..Qd6}) 12. Bc2 dxe4 13. dxe4 Bc4 14. Qd2
Qxd2+ 15. Nxd2 Be6 $11 {Vorobiov-Diu, ch-RUS 2002}) (11. Bg5 dxe4 12. dxe4 Bxb3
13. axb3 Qd6 14. Ng3 Qe6 15. b4 Ne8 16. O-O f6 17. Be3 Bxe3 18. fxe3 {Having
two doubled pawns White's position cannot be better.} Nd6 19. Rf2 a5 20. bxa5
Nxa5 21. Nh4 g6 22. Raf1 Nb3 23. Qc2 Ra1 24. Nf3 Rxf1+ 25. Nxf1 Nc5 26. N3d2 b5
27. Kh2 {1/2-1/2 Movsesian-Topalov, Tripoli 2004})) (10... Qd6 11. Ng3 (11. Bg5
d4 $13) 11... d4 (11... Be6 12. Ng5 {The exchange of this B is usually
favourable for White especially for the N.} Ne7 13. O-O Ng6 14. Nh5 Nd7 15.
Nxe6 fxe6 16. Be3 Nf6 17. Nxf6+ Rxf6 18. Bxa7 Rxa7 19. g3 c6 20. d4 Rf7 21.
Rae1 $14 {Macieja-Acs, Budapest FS02 GM 1996}) 12. O-O Be6 $142 (12... Bd7 {
This is not the right place for the B.} 13. Nh4 Ne7 14. Kh2 dxc3 15. bxc3 Bb5
16. Bc2 Rfd8 17. Rd1 {and Black cannot emphasise the pressure on >< d3.} Qc5
18. a4 Qxc3 19. Ra3 Qc5 20. axb5 $16 {Jaracz-Krasenkov, POL-ch 58th Warsaw 2001
}) 13. Nh4 Ne7 14. Bg5 Ne8 15. cxd4 Bxd4 16. Bxe7 Qxe7 17. Nhf5 Qd7 18. Bxe6
fxe6 19. Nxd4 Qxd4 {>< d3} 20. Qc2 Rd8 21. Qb3 Qb6 $11 {Macieja-I.Sokolov,
Elista ol 1998}) 11. g4 $1 dxe4 12. dxe4 Nd7 (12... Be6 13. g5 $5 $14 {It is
best to do this immediately.} (13. Ng3 $6 Nd7 {(Rossi-Bykhovsky, Reggio Emilia
1981)} (13... Re8 {allows the attacking move} 14. g5 hxg5 15. Bxg5 Bxb3 16.
axb3 Qd6 17. Rg1 g6 18. Bxf6 $1 (18. Nh4 Nh7 $5 (18... Qe6) 19. Ngf5 $1 Qe6 20.
Bh6 Kh8 $1 (20... Bc5 $2 21. Qh5 $1 $18 {Degraeve-Cruz Lopez Claret, France
1995}) 21. Bg7+ Kg8 22. O-O-O Rad8 (22... Qxb3 23. Nxg6 $1 $18) 23. Rd5 $1 $36)
18... Qxf6 19. h4 Rad8 20. h5 Ne7 21. Rg2 $16) {and still} 14. g5 $1 {is
required.})) (12... Nh7 13. Ne3 {The target is >< f5, as in case of 13.Ng3,
but this looks more flexible} (13. Ng3 Be6 14. Be3 (14. Bc2 $5) 14... Bxb3 15.
axb3 Bxe3 16. Qxe3 Qf6 17. Nf5 Qe6 18. b4 Rad8 19. Rg1 Rd7 {/\ Rfd8 with
counterchances on the only opened <->.} 20. Rg3 Rfd8 $13 {Jaracz-Dergileva,
Bad Wiessee 2002}) 13... Be6 14. Bc2 Re8 (14... Qd7 15. Bd2) 15. Bd2 $1 {
/\ 0-0-0} b5 (15... Qd6 16. Rg1 $1 $40) 16. O-O-O b4 17. Nf5 (17. Ba4 $5 $14)
17... Qf6 (17... Bxf5 18. gxf5 bxc3 19. Bxc3 $16 {Y.Gonzalez-Otero, Havana 2001
}) 18. h4 $40) (12... Na5 13. Bc2 $14 (13. g5 $5)) 13. Ng3 (13. g5 $6 {is not
so good anymore:} Nc5 $1 14. Bc2 $1 (14. gxh6 $2 Nd3+ $1 15. Kd1 Nf4+ 16. Qd2
Qf6 $19 {Bologan-Adams, New York 1994}) (14. Bd5 Ne7 $1 {and the vital B will
be exchanged.} 15. b4 (15. gxh6 Nxd5) 15... Nxd5 16. exd5 e4 $15)) 13... Nc5
14. Bc2 Ne6 {fighting for the dark squares, >< f4.} 15. Nf5 Re8 16. Rg1 (16. h4
{is the other attacking plan on the >>.} Nf4 17. Bxf4 exf4 18. Rd1 Qf6 19. g5
hxg5 20. hxg5 Qg6 21. N5h4 $16 {Komliakov-Yagupov, Russia 1995}) 16... Nf4 (
16... Ne7 {/\ Ng6 >< f4, but it takes precious time.} 17. Bd2 Ng6 18. O-O-O Qf6
19. h4 $40) 17. Bxf4 exf4 {[#]} 18. Rd1 $6 {Now the white K remains unsafe as
well.} (18. Bd3 $142 $1 {/\ 0-0-0} Be6 (18... Qf6 19. O-O-O Ne5 20. Nxe5 Qxe5
21. Qf3 $14) 19. O-O-O Qf6 20. Kb1 Rad8 21. h4 h5 22. Qc2 hxg4 23. Rxg4 $16)
18... Qf6 19. g5 hxg5 20. Rxg5 g6 21. Nh6+ Kg7 {[#]} (21... Kf8 22. e5 Qg7 (
22... Qe7 23. Nxf7 $1) 23. Nxf7 $1 Qxf7 24. Bxg6 Qxa2 25. Qd2 $1 $18) 22. Nxf7
$1 Qxf7 23. e5 {White has a nice ->, but his K is still in the middle.} Ne7 24.
Bxg6 (24. Nh4 f3 $1 25. Qd2 Bxh3 $1 (25... Be6 26. Bxg6 Nxg6 27. Rxg6+ Qxg6 28.
Nxg6 Kxg6 29. h4 $1) 26. Bxg6 Nxg6 27. Rxg6+ Qxg6 28. Nxg6 Kxg6 29. Qf4 Bf5 $13
) 24... Nxg6 25. Nh4 Bxh3 $1 {Black sacrifices his Q in order to neutralize
White's ->. Now he gets a R and a ^^ for it.} 26. Nxg6 Qxg6 27. Rxg6+ Kxg6 28.
Qe4+ Kg5 (28... Bf5 29. Qxf4) 29. Rd5 Rad8 (29... Be6 30. Rd2 Bf5 $13) 30. Rxd8
Rxd8 31. Qh7 Bxf2+ {liquidating for a drawish _|_.} 32. Kxf2 Rd2+ 33. Ke1 Rh2
34. Qg7+ Kh4 35. e6 f3 {The f3 o^ becomes also very dangerous.} 36. Qh7+ (36.
Qf6+ Kg4 37. Qd4+ (37. e7 Re2+ 38. Kd1 Kg3 $1 39. e8=Q Rxe8 40. Qg7+ (40. Qg6+
$2 Bg4 $19) 40... Kf2 (40... Bg4 41. Qxc7+ Kh3 $11)) (37. Qg7+ Kh4 38. Qf6+ Kg3
39. Qe5+ {- 37.Qd4}) 37... Kg3 38. Qe5+ Kg2 39. Qe3 Rh1+ 40. Kd2 f2 $11) 36...
Kg4 37. Qg7+ Kh4 38. Qh7+ {and White has to give the perpetual checks.} Kg4 39.
Qg7+ 1/2-1/2

[Event "USA-ch"]
[Site "Seattle"]
[Date "2002.01.12"]
[Round "8"]
[White "Benjamin, Joel"]
[Black "Shabalov, Alexander"]
[Result "1-0"]
[WhiteElo "2593"]
[BlackElo "2606"]
[Annotator "Lukacs,P"]
[PlyCount "69"]
[EventDate "2002.01.05"]
[EventType "swiss"]
[EventRounds "9"]
[EventCountry "USA"]
[SourceTitle "CBM 087"]
[Source "ChessBase"]
[SourceDate "2002.03.21"]
[SourceVersion "1"]
[SourceVersionDate "2002.03.21"]
[SourceQuality "1"]

1. e4 e5 2. Nf3 Nc6 3. Bc4 Nf6 4. d3 Bc5 5. c3 d6 6. O-O O-O 7. Bb3 a6 8. h3
Ba7 9. Re1 Be6 10. Nbd2 (10. Bc2 d5 $5 {- Fedorov-Ivanchuk, EU-chT (Men) 2001
CBM 86}) 10... Nh5 $5 {Black wants more than simple equality.} (10... h6 {
/\ Re8 is the old idea.} 11. Nf1 Re8 12. Be3 Bxe3 {- Adams-Anand, Wijk aan Zee
2000 CBM 75} (12... Bxb3 {- Kaidanov-Malaniuk, WchT Luzern 1997 CBM 62}) (12...
d5 {- Yudasin-Adams, EU Cup final Belgrade 1999 CBM 69})) (10... Bxb3 11. Qxb3
{is supposed to be slightly better for White.} Rb8 12. Nf1 {There is some
pressure on the light squares especially on f5 and d5 after the exchange of
the light-squared B.} Nh5 $5 (12... Qd7 13. Ng3 Rfe8 14. Bg5 Qe6 15. Qxe6 Rxe6
16. Rad1 $14 {Dolmatov-A.Rodriguez, Minsk 1982}) 13. Bg5 Qd7 14. g4 $5 (14.
Rad1 Qe6 15. d4 exd4 16. cxd4 Qxb3 17. axb3 f5 18. d5 Ne5 19. N1h2 fxe4 20.
Rxe4 Rbe8 $15 {Waitzkin-Xie Jun, San Francisco 1995}) 14... h6 15. Bd2 Nf6 16.
Kg2 $14 {is the prophylactic move /\ Ng3-f5.} (16. Ng3 {runs into} h5 $1)) (
10... Nd7 $5 {/\ Nc5} 11. Nf1 Bxb3 12. Qxb3 Nc5 13. Qc2 Ne6 {Now the N is
excellent on e6 covering the vital dark squares d4 and f4.} 14. Be3 Bxe3 (14...
d5 {Changing the P structure is not so logical.} 15. exd5 Qxd5 16. Bxa7 Rxa7
17. Ne3 {Now >< e5 will become a target.} Qd7 18. Ng4 f6 19. d4 $1 exd4 20. Qf5
Re8 21. cxd4 $14 ({but not} 21. Re4 $2 Re7 22. Rd1 Ng5 $1 $17 {Waitzkin-Levin,
Budapest 1997})) 15. Nxe3 Nf4 {is the logical continuation of the dark-square
strategy.} 16. Kh2 {/\ g3} (16. Nd5 Nxd5 17. exd5 Ne7 $11) (16. Rad1 Qf6 $13)
16... Qf6 17. Ng1 {/\ g3 anyway.} Rae8 18. Rf1 Qd8 {securing the retreat of
the N.} 19. g3 Nh5 20. Rae1 Nf6 {/\ d5 with counterattack in the [+].} 21. f4
d5 $1 22. f5 d4 23. Ng2 dxc3 24. bxc3 Qd6 25. Rd1 Rd8 26. Nf3 Qc5 $13 {
Waitzkin-Adams, New York 1996}) 11. Nf1 Qf6 12. Be3 {White is fighting against
Black's strong dark-squared B.} (12. Ne3 Qg6 13. Nh4 Qg5 14. Nf3 (14. Nef5 Nf4
15. Qf3 g6) 14... Qg6 $11 {may lead to a repetition of moves.}) 12... Nf4 $5 (
12... Bxe3 {was good and simple.} 13. fxe3 {fighting for >< f4 and opening up
the f <->, but hindering seriously the mobility of the pawns.} (13. Nxe3 Nf4
$11 {with a firm control over the vital >< f4.}) 13... Qg6 14. Nh4 Qg5 15. Nf3
Qg6 $11) 13. d4 $5 {Now White wants to reduce the sphere of the a7 B.} (13.
Bxf4 {is not logical at all.} Qxf4 14. Ne3 (14. Bxe6 fxe6 15. Qb3 Nd8) 14...
Bxe3 15. Rxe3 Rae8 $11) 13... Na5 $6 (13... exd4 14. cxd4 (14. Nxd4 Ne5 $11 {
with wonderful black knights on the dark squares.}) 14... Bxb3 15. axb3 (15.
Qxb3 $2 Nxh3+ $17) 15... Rfe8 {was exciting to organize pressure against
White's [+].} 16. Ng3 Ne7 17. e5 Qh6 $1 $13) 14. Bc2 (14. Bxe6 $5 {was also
interesting corrupting Black's central P formation.} fxe6 (14... Nxe6 15. d5
Nf4 16. Qa4 $16 {exploits the miserable position of the N on the edge of the
board.}) (14... Qxe6 15. Bxf4 exf4 16. d5 $16 {allows White the advance in the
[+].}) 15. Bxf4 Qxf4 (15... exf4 16. e5 $16) 16. dxe5 dxe5 17. Qd7 Qh6 18. N1h2
$14 {attacking >< e5 and e6.}) 14... Nc4 15. Bc1 {White wants to keep his ^^.}
(15. Bxf4 Qxf4 (15... exf4 16. b3 $16) 16. Qc1 Qxc1 17. Raxc1 Rfe8 18. b3 $14)
15... c5 16. b3 Na5 (16... Nb6 17. d5 Bd7 18. a4 $1 a5 (18... Nc8 19. a5 $16)
19. c4 $14 {with a very good version of Ruy Lopez with a B on the unbelievable
square a7!}) 17. d5 {White now gets the space advantage in the [+].} Bd7 18.
N1h2 (18. Ng3 b5 $14) 18... h5 {against Ng4} 19. h4 {securing >< g5} b5 20. Ng5
c4 21. Be3 Qg6 $2 {This runs into the opening of the b1-h7/^.} (21... g6 $14) (
21... Bxe3 $5 {is met by} 22. fxe3 $1 (22. Rxe3 {allows Black to organize a
counterplay on the >>.} Qg6 23. g3 Nh3+ 24. Nxh3 Bxh3 25. b4 Nb7 26. a4 f5 $132
) 22... Nd3 $1 23. Bxd3 cxd3 24. Qxd3 (24. Qxh5 Qh6 $1) 24... Nb7 25. b4 {
killing the b7 N.} Qg6 $14) 22. Bxf4 $1 $18 {Now Black's position goes down
like ninepins.} exf4 23. b4 $1 Nb7 24. e5 $1 Bf5 25. Bxf5 Qxf5 26. Qxh5 Nd8 27.
Ng4 a5 28. e6 fxe6 29. dxe6 Nc6 30. e7 Rfe8 31. Re6 Nxe7 32. Nf6+ $1 gxf6 33.
Qf7+ Kh8 34. Rxf6 Bxf2+ 35. Kh1 1-0

[Event "Moscow Aeroflot op"]
[Site "Moscow"]
[Date "2002.02.08"]
[Round "6"]
[White "Sveshnikov, Evgeny"]
[Black "Aleksandrov, Aleksej"]
[Result "1/2-1/2"]
[WhiteElo "2565"]
[BlackElo "2645"]
[Annotator "Lukacs,P"]
[PlyCount "69"]
[EventDate "2002.02.04"]
[EventType "swiss"]
[EventRounds "9"]
[EventCountry "RUS"]
[SourceTitle "CBM 088"]
[Source "ChessBase"]
[SourceDate "2002.03.21"]
[SourceVersion "1"]
[SourceVersionDate "2002.03.21"]
[SourceQuality "1"]

1. e4 e5 2. Nf3 Nc6 3. Bc4 Bc5 4. c3 Nf6 5. d4 exd4 6. e5 d5 7. Bb5 Ne4 8. cxd4
{This old, forgotten line is used time by time by Sveshnikov, who has a lot of
romantic ideas against 1...e5.} Bb4+ (8... Bb6 {- Zorko-Atalik, SLO-chT Bled
2001 EXT 2002}) 9. Bd2 (9. Nbd2 Bd7 (9... O-O 10. O-O Bd7 {- 9...Bd7} (10...
Bg4 $5 11. Bxc6 bxc6 12. Qc2 {White wants to exploit the structural weaknesses
on the c <->.} Nxd2 13. Nxd2 (13. Bxd2 Bxf3 14. Bxb4 {allows Black to grab the
|^ on the >>.} Qg5 15. g3 {weakening the vital light squares.} Qg4 16. Qc3 {
(Kalivoda-Kamenik, Klatovy 1999)} Rfb8 $1 17. Ba3 (17. a3 a5 18. Bc5 Rxb2 $1)
17... c5 $1 18. Bxc5 Rxb2 19. Rfb1 Rxb1+ 20. Rxb1 Be4 $11) 13... Qd7 (13... c5
$2 14. dxc5 Qe7 15. Nb3 Qxe5 16. a3 {and the B is captured.}) 14. Nb3 {>< c5,
but White cannot exchange the dark-squared bishops.} Bf5 15. Qe2 (15. Qd1 Rab8
$11) 15... Rfe8 16. Bf4 a5 $132) (10... Nxd2 11. Bxd2 Bxd2 12. Qxd2 Ne7 {
is the simple way.} 13. Rac1 c6 14. Bd3 Bf5 $11 {Castaldi-Phillips, Hastings
1950})) 10. O-O O-O 11. Bd3 (11. Nxe4 $5 dxe4 12. Ng5 Nxe5 (12... Bf5 $5 13.
Bxc6 bxc6 14. f3 (14. Be3 $6 Be7 15. Qh5 Qd7 $17) 14... exf3 15. Nxf3 $11 {
Krasenkov}) 13. Qa4 $1 Bxb5 14. Qxb5 Nd3 15. Be3 Qe7 $13 {-
Sveshnikov-Krasenkov, Mikenas mem Vilnius 1997 EXT 98}) 11... Bf5 12. Qc2 Bxd2
13. Bxd2 Bg6 {Black can still hold his stronghold on e4.} 14. Bc3 Qe7 15. Rae1
Nd8 16. g3 c5 17. Nh4 Nxc3 18. bxc3 cxd4 19. f4 Bxd3 20. Qxd3 dxc3 21. Qxc3 Ne6
22. Nf5 Qd8 23. Nd6 $44 {Sveshnikov-Azarov, Minsk 2000}) 9... Nxd2 10. Bxc6+ {
Otherwise Black can avoid the doubled pawns on the c <->, if he wants.} (10.
Nbxd2 O-O (10... Bd7 11. O-O (11. Bd3 Bg4 12. Bb5 O-O (12... Bd7 $11) 13. Bxc6
bxc6 14. O-O Bxd2 15. Qxd2 Bxf3 16. gxf3 Qd7 17. Kh1 f6 18. f4 fxe5 19. fxe5
Rf3 20. Rg1 Qf5 21. Rg2 g6 $15 {A.Kogan-Miles, Biel 1994}) 11... O-O (11... Be7
$6 {is too passive.} 12. Qb3 a6 13. Be2 Be6 14. Rac1 Ra7 15. Qe3 {Now White
has got a strong [+].} O-O 16. Ne1 {/\ f4, Nd3} f6 17. Nd3 (17. exf6 {helps
only for Black.} Rxf6 18. Nef3 Bd6) 17... fxe5 (17... Qd7 18. f4 $14) 18. Nxe5
$14 {A.Hernandez-Knezevic, Havana 1986}) 12. Qb3 Nxd4 $5 (12... Bxd2 13. Bxc6
Bxc6 14. Nxd2 Qg5 {runs into} 15. f4 $14) 13. Nxd4 (13. Qxb4 Nxb5 14. a4 a5 15.
Qc5 Na7 16. Qxd5 Nc6 17. Rfd1 Qe7 $13 {and White has also problems with his
weakened <<.}) 13... Bxd2 14. Rfd1 Bh6 15. Bxd7 Qxd7 16. Qxb7 Rab8 17. Qc6 Rfd8
$13) (10... Bg4 $6 11. Bxc6+ bxc6 12. Qa4 {- 10.Bc6}) 11. Bxc6 (11. a3 {
is too slow.} Bxd2+ 12. Qxd2 Ne7 13. Bd3 Bf5 {Black has to exchange the
light-squared B.} 14. Rc1 c6 15. O-O Qb6 16. Rfe1 a5 17. Bxf5 Nxf5 18. Qd3 g6
$11 {blockading the vital f5 square, A.Sanchez-J.Perez, Albacate 1994.}) (11.
O-O Ne7 12. a3 (12. Bd3 Bf5 13. Nb3 c6 14. Qc2 Bxd3 15. Qxd3 Ng6 16. g3 Qd7 $11
{Mutton-Walker, Southend 2000}) 12... Bxd2 $11) 11... bxc6 12. O-O {- 10.Bc6})
10... bxc6 11. Nbxd2 O-O (11... Bg4 $6 {is strongly met by} 12. Qa4 Bxd2+ 13.
Nxd2 O-O 14. f3 Bd7 15. Qb4 Qg5 16. O-O Rab8 17. Qc3 Qf4 18. Nb3 {/\ Nc5
reaching the dream position of the N versus the bad B.} f6 19. Nc5 Bc8 20. Rae1
$16 {Klee-C.Bauer, Bochum 1992}) 12. O-O ({The lingering with} 12. a3 $6 Bxd2+
13. Qxd2 {is punished by} Ba6 $1 $132) 12... c5 13. a3 {This is again not so
effective.} (13. Rc1 $142 c4 $142 $13 {and the knights have no good blockading
squares.} (13... cxd4 $6 {helps only for White, the centralized N has a lot of
threats.} 14. Nxd4 c5 (14... Qd7 15. Nc6 (15. a3 Be7 16. Nc6) 15... a5 16. Qc2
$14 {keeping the blockade on the c and d lines.}) 15. Nc6 Qd7 (15... Qe8 16.
Nxb4 cxb4 17. Re1 {Now the P structure clearly favours White.} a5 18. Nf3 a4
19. Qxd5 Be6 20. Qe4 Rb8 21. Ng5 g6 22. Qh4 h5 23. Ne4 Qb5 24. Nf6+ Kg7 25.
Nxh5+ $1 $18 {Kashtanov-Solovjov, Petrov mem Open 2002}) 16. Nxb4 cxb4 17. Nb3
$16 {and the blockading N on d4 will dominate the board.})) 13... Bxd2 14. Qxd2
(14. Nxd2 $2 cxd4 15. b4 f6 {and White has no time for recapturing on d4 by
his N.} 16. exf6 Qxf6 17. Nb3 Ba6 18. Re1 Qxf2+ 19. Kh1 d3 $19 {Kagas-Skembris,
GRE 1994}) 14... Bg4 (14... c4 $142 $5 {looks again better.} 15. Qc3 Rb8 16.
Nd2 Be6 17. f4 (17. b4 Bf5) 17... g6 {The f5 square is vital for Black's
defence.} 18. b4 Bf5 19. h3 a5 $5 20. bxa5 c5 $1 {and suddenly Black grabs the
|^ in the [+], White cannot hold >< d4.} 21. Rf2 (21. dxc5 Qc7 22. Qd4 Qxa5)
21... Bd3 $1 22. Nf3 Rb3 23. Qc1 Qxa5 24. f5 Bxf5 25. Qh6 Rxf3 $1 $19 {
Strikovic-Illescas Cordoba, Pamplona 1997}) (14... cxd4 $6 15. Qxd4 $14) 15.
dxc5 Bxf3 16. gxf3 {White is a P up, but his >> is rather weakened, and the
doubled pawns are not so frightening.} c6 17. Rfe1 (17. Qd4 Qg5+ 18. Kh1 Qh5
$44) (17. b4 Qh4 (17... Qd7 18. Rfe1 Qf5 19. Re3) 18. Rfe1 Rfe8 $44) 17... Qd7
18. Qd3 Rae8 19. Re3 (19. f4 f6 $1 20. b4 (20. Qg3 Re6 $1) 20... fxe5 21. fxe5
Rf5 $44) 19... Re6 {Black concentrates all of his pieces to the >>.} (19... Qh3
$5) 20. f4 f6 $1 21. Rh3 h6 22. Re1 fxe5 23. fxe5 Rf4 24. b4 Qe7 25. Rf3 Qg5+
26. Kf1 Rh4 $5 {Now it is already Black, who wants more!} (26... Rxf3 27. Qxf3
Rxe5 $11) 27. h3 (27. Rg3 Qh5 28. h3 Rc4 $44) 27... Rc4 28. Qf5 (28. Rg3 Qh5)
28... Qxf5 29. Rxf5 a5 {but now he has to go for a drawish R _|_.} 30. Rb1 axb4
31. axb4 Re7 32. b5 Rxc5 33. bxc6 Rxc6 34. e6 Rd6 35. Rd1 1/2-1/2